LEADER 01174nam a2200289 i 4500 001 000000024814 003 CaOOAMICUS 005 20230705153359.0 008 180830s1974 it u000 u ita u 040 $aSeMil$bita 100 1 $aBellocchi, Ugo.$0(OLS)http://semarc/name/1538 245 10$aStoria del giornalismo italiano /$cUgo Bellocchi. 260 $aBologna :$b Edison,$c1974-1980. 300 $a8 v. ;$c35 cm. 500 $aNel v. 8 : Repertorio bio-bibliografico a tutto il secolo 18. datario a tutto il 1638 / a cura di Carlo Mansuino. 650 4$aGiornalismo - Italia - Storia.$0(OLS)http://semarc/subject/3918 774 0 $aBellocchi, Ugo$t1.$g1$w()201219 774 0 $aBellocchi, Ugo$t2.$g2$w()201213 774 0 $aBellocchi, Ugo$t3.$g3$w()201224 774 0 $aBellocchi, Ugo$t4.$g4$w()201227 774 0 $aBellocchi, Ugo$t5.$g5$w()201228 774 0 $aBellocchi, Ugo$t6.$g6$w()201229 774 0 $aBellocchi, Ugo$t7.$g7$w()201230 774 0 $aBellocchi, Ugo$t8.$g8$w()201232 996 $6245$aStoria del giornalismo italiano$9(OLS)http://semarc/title/17594 996 $6260$aBologna :$b Edison$9(OLS)http://semarc/publisher/33614 LEADER 00964nam a2200229 i 4500 001 000000202889 003 CaOOAMICUS 005 20110607000000.0 008 110607s1981 it u000 u ita u 013 $a181600 040 $aSeMil$bita 245 10$a"Fate questo in memoria di me" :$ba cura della 5. Commissione Congressuale. 260 $aMilano :$b[s.n.],$c1981. 300 $a19 p. ;$c21 cm. 490 0 $aDocumenti di lavoro. 4. serie ;$v1. 711 0 $aCongresso Eucaristico Nazionale <20. ; 1983 ; Milano>.$0(OLS)http://semarc/name/3934 830 0$aDocumenti di lavoro. 4. serie ;$v1.$0(OLS)http://semarc/title/10212 850 $aSeMil 852 $aSeMil$W1$xVenegono$y1$m5D IX 17/24$j153386$B153386$CSeMilBibl$Z2$F164354 $81 961 $aOmaggio: Altro 996 $6245$a"Fate questo in memoria di me" :$ba cura della 5. Commissione Congressuale$9(OLS)http://semarc/title/293676 996 $6260$aMilano :$b[s.n.]$9(OLS)http://semarc/publisher/29709